000 00593nam a2200229Ia 4500
003 OSt
005 20221005120843.0
006 a|||||r|||| 00| 0
007 ta
008 221004b |||||||| |||| 00| 0 eng d
024 _a67550
037 _cTextual
040 _aCRL
_cCRL
_beng
041 _2eng
_aeng
082 _aX:75.2.N51t5, J41.1-;1
110 _aIndia, Planning Commission
245 0 _aFirst five year plan
650 _aECONOMICS
700 _aIndia, Planning Commission
942 _hX:75.2.N51t5, J41.1-;1
_cTEXL
_2cc
999 _c1039318
_d1039318